| 000 | 00461nam a22001817a 4500 | ||
|---|---|---|---|
| 003 | CEME | ||
| 005 | 20210628201908.0 | ||
| 008 | 210208b xxu||||| |||| 00| 0 eng d | ||
| 020 | _a81-203-2406-4 | ||
| 040 | _c. | ||
| 082 | _a006.37 MYL | ||
| 100 |
_aMyler, Harley.R _957314 |
||
| 245 | _aFundamentals of machine vision | ||
| 260 |
_aNEW DLEHI _bPRENTICE HALL OF INDIA _c2003 |
||
| 300 | _aXIII,133P | ||
| 650 |
_aMACHINE VISION _957315 |
||
| 942 |
_cBK _2ddc |
||
| 999 |
_c567611 _d567611 |
||